Guess the Lyrics #34 - Statistics

General Stats
  • This quiz has been taken 6,746 times
  • The average score is 104 of 247
Answer Stats
Lyrics % Correct
I
98%
(I
98%
you
91%
you,
91%
You
91%
the
88%
The
88%
me
75%
be
73%
and
71%
And
71%
to
70%
hear
62%
in
61%
can
59%
"Go
59%
will
56%
is
55%
my
55%
what
50%
Then
48%
of
47%
If
43%
if
43%
You're
43%
you're
43%
say,
42%
I'm
39%
can't
38%
too
33%
Time
31%
time
31%
up
30%
I'll
29%
after
28%
After
28%
find
28%
look
26%
said
25%
said,
25%
from
24%
think
23%
out
22%
has
20%
fall
19%
fall,
19%
waiting
19%
waiting)
19%
catch
17%
lost,
17%
nothing
16%
you've
14%
bed
13%
far
13%
hand
13%
left
12%
new
12%
Time After Time - Cyndi Lauper
12%
behind
11%
clock
11%
tick,
11%
Lying
10%
slow"
10%
second
9%
Sometimes,
9%
ahead
8%
calling
8%
picture
8%
drum
7%
through
7%
unwinds
7%
walking
7%
Caught
6%
circles
6%
Confusion
6%
inside
6%
memories
6%
nights
6%
okay
6%
Almost
5%
beats
5%
darkness
5%
deep
5%
fades
5%
Flashback,
5%
Suitcase
5%
warm
5%
gray
4%
turned
4%
Watching
4%
wondering
4%
Secrets
3%
stolen
3%
windows
3%
No matching quizzes found
Score Distribution
Percent of People with Each Score
Percentile by Number Answered
Your Score History
You have not taken this quiz